何か? - Statistics

General Stats
  • This quiz has been taken 21 times
  • The average score is 5 of 15
Answer Stats
Hint Answer % Correct
ハエ目糸角亜目に属するヒトなどから血液を吸う吸血動物
100%
埼玉県東部のベッドタウンで市内を東武スカイツリーラインが縦断、煎餅が有名 草加
89%
紀元前2070年頃から紀元前1600年頃に実在したとされている史書に記された中国最古の王朝
63%
大雨などの増水時に沈むことを想定して作られた橋、〇〇橋、四万十川などに多い 沈下
63%
西日本鉄道の完全子会社である会社が発行する交通系IC、派生型が多くのバス事業者で導入されている nimoca
53%
石川県羽咋郡にある町、原発がある 志賀
42%
乙女座のアルファ星、青白い1.0等星 スピカ
42%
ボストーク6号で宇宙を飛行した世界初の女性飛行士ワレンチナV.テレシコワが最初に交信した言葉 ヤー・チャイカ
11%
石見地方の郷土料理で魚介をすき焼き風にして食す へか
5%
フィンランド南部、エテラ・スオミ州東部のキュメンラークソ県南西部にある県都 コトカ
5%
ロシア領アメリカの首都であり、アラスカの州都として1867年から1906年まで機能したアラスカ南東部の町 シトカ
0%
19世紀末~20世紀初め、帝政ロシア時代のモスクワにあった貧民街 ヒトロフカ
0%
仏教諸神の一つ、鬼神王、鬼子母神の夫。 パーンチカ
0%
イスラム教徒が自発的に任意に行う喜捨 サダカ
0%
文字がセリフを持たない書体 ヘルベチカ
0%
No matching quizzes found
Score Distribution
Percent of People with Each Score
Percentile by Number Answered
Your Score History
You have not taken this quiz